000 004740000a22001570004500
003 MACL
005 20180307160049.0
008 180307b xxu||||| |||| 00| 0 eng d
040 _cMACL
100 _aडॉं ना. मा. घटाटे
_971057
245 _aसंसद के तीन दशक खण्‍ड 1
260 _bप्रवीण प्रकाशन
_c1992
350 _a400
650 _aसंविधान
_9205
942 _cHIN
_k320
_2ddc
999 _c20927
_d20927